LEADER 00774nam0-22002771i-450- 001 990006294330403321 005 19980601 035 $a000629433 035 $aFED01000629433 035 $a(Aleph)000629433FED01 035 $a000629433 100 $a19980601d1942----km-y0itay50------ba 105 $a--------00-yy 200 1 $aCorso di politica economica e finanziaria$fEpicarmo Corbino. 210 $aMilano$cGiuffre'$d1942 215 $aXI,, 528 p.$d24 cm 676 $a338.926 700 1$aCorbino,$bEpicarmo$f<1890-1984>$068068 801 0$aIT$bUNINA$gRICA$2UNIMARC 901 $aBK 912 $a990006294330403321 952 $aXV L 9$b24837$fFGBC 959 $aFGBC 996 $aCorso di politica economica e finanziaria$9514041 997 $aUNINA DB $aGIU01 LEADER 01693nam2 2200385 i 450 001 SUN0125616 005 20200330092026.799 010 $d0.00 017 70$2N$a9783319680972 100 $a20191126d2018 |0engc50 ba 101 $aeng 102 $aCH 105 $a|||| ||||| 200 1 $a<<*Antibacterials>> 1. / Jed F. Fisher, Shahriar Mobashery, Marvin J. Miller editors 210 $aCham$cSpringer$d2018 215 $aXIII, 194 p.$cill.$d24 cm. 410 1$1001SUN0123522$12001 $a*Topics in Medicinal Chemistry$v25$1210 $aCham$cSpringer. 461 1$1001SUN0125615$12001 $a*Antibacterials$fJed F. Fisher, Shahriar Mobashery, Marvin J. Miller editors$v1$1210 $aCham$cSpringer$d2018$1215 $avolumi$d24 cm. 620 $aCH$dCham$3SUNL001889 676 $a572$cBiochimica. Citochimica. Istochimica$v22 676 $a540$cChimica generale$v22 676 $a547$cChimica organica$v22 676 $a615.19$cChimica farmaceutica. Tecnologia farmaceutica$v22 702 1$aFisher$b, Jed F.$3SUNV097036 702 1$aMobashery$b, Shahriar$3SUNV097037 702 1$aMiller$b, Marvin J.$3SUNV097038 712 $aSpringer$3SUNV000178$4650 790 1$aFisher, J. F.$zFisher, Jed F.$3SUNV103762 790 1$aMiller, M. J.$zMiller, Marvin J.$3SUNV103763 801 $aIT$bSOL$c20200921$gRICA 856 4 $uhttps://link.springer.com/book/10.1007%2F978-3-319-68097-2#toc 912 $aSUN0125616 950 $aUFFICIO DI BIBLIOTECA DEL DIPARTIMENTO DI SCIENZE E TECNOLOGIE AMBIENTALI BIOLOGICHE E FARMACEUTICHE$d17CONS e-book 2112 $e17BIB2112 225 20191126 996 $aAntibacterials 1$91566646 997 $aUNICAMPANIA LEADER 01357nam2 2200301 i 450 001 VAN00000009 005 20240806100206.57 010 $a88-14-08197-2 100 $a20020426d2000 |0itac50 ba 101 $aita 102 $aIT 105 $a|||| ||||| 200 1 $aˆ1: ‰Repubblica Federale Tedesca, Francia, Gran Bretagna, Spagna, Austria$fGiuseppe A. Rescio, Federico Tassinari 210 $aMilano$cGiuffrè$d2000 215 $aVII, 121 p.$d23 cm 461 1$1001VAN00000010$12001 $aˆLa ‰pubblicità commerciale nei paesi dell'Unione europea$fGiuseppe A. Rescio, Federico Tassinari$1210 $aMilano$cGiuffrè$1215 $avolumi$d23 cm$v1 620 $dMilano$3VANL000284 676 $a346.4066$v21 700 1$aRescio$bGiuseppe A.$3VANV000014$0541601 701 1$aTassinari$bFederico$3VANV011132$0232629 712 $aGiuffrè $3VANV109181$4650 790 1$aRescio, Giuseppe Alberto$zRescio, Giuseppe A.$3VANV076248 801 $aIT$bSOL$c20251114$gRICA 899 $aBIBLIOTECA DEL DIPARTIMENTO DI GIURISPRUDENZA$1IT-CE0105$2VAN00 912 $aVAN00000009 950 $aBIBLIOTECA DEL DIPARTIMENTO DI GIURISPRUDENZA$d00CONS X.Ed.45 1 $e00 17366 20020426 996 $aRepubblica Federale Tedesca, Francia, Gran Bretagna, Spagna, Austria$91407349 997 $aUNICAMPANIA